David Hume: perspectivas sobre su obra

Spremljeno u:
Bibliografski detalji
Glavni autori: Ardanaz, Margarita (Autor), Martín, Félix (Autor), Ruano, Yolanda (Autor), Salas, Jaime de (Autor)
Daljnji autori: López Sastre, Gerardo (autor)
Format: Knjiga
Jezik:španjolski
Izdano: Madrid Complutense 1998
Izdanje:1a. ed
Serija:Colección Philosophica Complutensia, 12
Teme:
Oznake: Dodaj oznaku
Bez oznaka, Budi prvi tko označuje ovaj zapis!

MARC

LEADER 00000cam a2200000 a 4500
001 UCP2562
003 CL-VaPUC
008 990520e19980000SP |||||||||||||||||spa|d
020 |a 8489784647 
082 0 4 |a 146.44  |b ARD  |2 21 
100 0 |a Ardanaz, Margarita  |e author  |9 429375 
700 |a López Sastre, Gerardo  |e autor  |9 429376 
700 |a Martín, Félix  |e author  |9 520992 
700 0 |a Ruano, Yolanda  |e author  |9 429378 
700 0 |a Salas, Jaime de  |e author  |9 429379 
245 1 0 |a David Hume: perspectivas sobre su obra 
250 |a 1a. ed 
300 |a 254 p 
942 |c BK 
945 |d 19990520 00:00:00  |a rbrito 
260 |a Madrid  |b Complutense  |c 1998 
600 0 |a Hume, David   |d 1711-1776  |9 319329 
650 0 |a Empirismo  |9 255037 
650 0 |a Escepticismo  |9 258591 
650 0 |a Ética  |9 255099 
650 0 |a Filosofía inglesa  |9 255676 
583 |a last modification  |c 20120907 11:30:30  |k Rodrigo Vera 
490 0 |a Colección Philosophica Complutensia, 12 
999 |c 281076  |d 281074 
952 |0 0  |1 0  |4 0  |6 146_440000000000000_ARD_1998  |7 0  |8 A  |9 321713  |a BIBEDU  |b BIBEDU  |d 2019-11-20  |i 3509869  |o 146.44 ARD 1998  |p 3509869  |r 2019-11-20  |w 2019-11-20  |y BK  |k FIL 
952 |0 0  |1 0  |4 0  |6 146_440000000000000_ARD_1998  |7 0  |8 A  |9 321714  |a BIBEDU  |b BIBEDU  |d 2019-11-20  |i 4903269  |o 146.44 ARD 1998  |p 4903269  |r 2019-11-20  |w 2019-11-20  |y BK  |k FIL